Humanidades: revista de la Escuela de Estudios Generales / Universidad de Costa Rica
Spremljeno u:
| Autor kompanije: | |
|---|---|
| Format: | Knjiga |
| Jezik: | Spanish |
| Izdano: |
San José, Costa Rica :
Editorial de la Universidad de Costa Rica,
2011
|
| Teme: | |
| Oznake: |
Dodaj oznaku
Bez oznaka, Budi prvi tko označuje ovaj zapis!
|
MARC
| LEADER | 00000nam a2200000Ia 4500 | ||
|---|---|---|---|
| 008 | 150730b2011 CR ||||| |||| 00| | spa d | ||
| 999 | |c 143 |d 143 | ||
| 022 | |a 2215-2253 | ||
| 090 | |a 06.03.06 |b 1712 | ||
| 110 | |9 585 |a Universidad de Costa Rica | ||
| 245 | 1 | 0 | |a Humanidades: revista de la Escuela de Estudios Generales / Universidad de Costa Rica |
| 260 | |a San José, Costa Rica : |b Editorial de la Universidad de Costa Rica, |c 2011 | ||
| 300 | |a volúmenes | ||
| 500 | |a No.1 | ||
| 610 | 1 | 4 | |9 585 |a Universidad de Costa Rica |
| 650 | 1 | 4 | |9 8 |a EDUCACIÓN SUPERIOR |
| 650 | 1 | 4 | |a HUMANIDADES |9 400 |
| 650 | 1 | 4 | |a PUBLICACIONES PERIÓDICAS |9 3 |
| 942 | |i 002453 |h 06.03.06 1712 |2 z |c 01 | ||
